000 00379nam a22001217a 4500
082 _aTHE 200
100 _aSAIMA ZAREEN,
_972733
245 _aTH-SOF-0706-EXLPOITING MULTI VIEW CORRELATION FOR MAXIMIZING LIFE TIME OF WIRELESS SENSORS
260 _aNUST COLLEGE OF EME
_bISLAMABAD
_c2001
650 _a MS-CSE-8 MSTHESIS
_972734
700 _aDR KHALID IQBAL
_972735
942 _cCF
999 _c578722
_d578722